Language Quiz

Random Language or Letter Quiz

Aa to Az in 4 Letters Quiz Stats

 Plays Quiz Updated Jul 9, 2018

Score 0/26 Timer 04:00
0 Plays Today
Starts with... Answer % Correct
AfAfro
96.7%
AbABBA
94.3%
AmAmmo
92.9%
AnAnne
92.7%
AqAqua
92.4%
AlAlto
89.8%
AtAtom
87.3%
AcAcre
85.7%
AxAxis
85.4%
AjAjax
84.4%
ApApex
83.1%
AsAsia
82.6%
AuAura
80.7%
Starts with... Answer % Correct
AiAIDS
79.7%
AhAhem
79.5%
AwAWOL
78.8%
AdADHD
78.3%
AaAARP
75.8%
AkAkon
71.8%
AzAzul
70.1%
AeAero
57.2%
ArArch
45.2%
AgAgue
23.5%
AvAves
17.8%
AoA-one
12.2%
AyAyre
10.6%

You're not logged in!

Compare scores with friends on all Sporcle quizzes.
OR
Log In

Sporcle TV

Today on Sporcle TV


Watch our educational content, quiz creation guides, and fun videos on Sporcle TV.

Show Comments

Extras

Top Quizzes Today


Score Distribution

Your Account Isn't Verified!

In order to create a playlist on Sporcle, you need to verify the email address you used during registration. Go to your Sporcle Settings to finish the process.

Report this User

Report this user for behavior that violates our Community Guidelines.

Details: